|
|
|
|
| LEADER |
01628nam a2200421 a 4500 |
| 001 |
EBC3417268 |
| 003 |
MiAaPQ |
| 005 |
20200520144314.0 |
| 006 |
m o d | |
| 007 |
cr cn||||||||| |
| 008 |
111007s2011 miu sb 001 0 eng d |
| 010 |
|
|
|z 2011041271
|
| 020 |
|
|
|z 9780880993791 (pbk. alk. paper)
|
| 020 |
|
|
|z 0880993790 (pbk. alk. paper)
|
| 020 |
|
|
|z 9780880993807 (hardcover alk. paper)
|
| 020 |
|
|
|z 0880993804 (hardcover alk. paper)
|
| 020 |
|
|
|a 9780880993906 (electronic bk.)
|
| 035 |
|
|
|a (MiAaPQ)EBC3417268
|
| 035 |
|
|
|a (Au-PeEL)EBL3417268
|
| 035 |
|
|
|a (CaPaEBR)ebr10520626
|
| 035 |
|
|
|a (OCoLC)774110541
|
| 040 |
|
|
|a MiAaPQ
|c MiAaPQ
|d MiAaPQ
|
| 043 |
|
|
|a n-us---
|
| 050 |
|
4 |
|a HD7125
|b .W57 2011
|
| 082 |
0 |
4 |
|a 331.25/220973
|2 23
|
| 100 |
1 |
|
|a Wolff, Edward N.
|
| 245 |
1 |
4 |
|a The transformation of the American pension system
|h [electronic resource] :
|b was it beneficial for workers? /
|c Edward N. Wolff.
|
| 260 |
|
|
|a Kalamazoo, Mich. :
|b W.E. Upjohn Institute for Employment Research,
|c 2011.
|
| 300 |
|
|
|a xv, 333 p.
|
| 504 |
|
|
|a Includes bibliographical references and index.
|
| 533 |
|
|
|a Electronic reproduction. Ann Arbor, MI : ProQuest, 2015. Available via World Wide Web. Access may be limited to ProQuest affiliated libraries.
|
| 650 |
|
0 |
|a Pensions
|z United States.
|
| 650 |
|
0 |
|a Old age pensions
|z United States.
|
| 650 |
|
0 |
|a Social security
|z United States.
|
| 650 |
|
0 |
|a Retirement income
|z United States.
|
| 655 |
|
4 |
|a Electronic books.
|
| 710 |
2 |
|
|a ProQuest (Firm)
|
| 856 |
4 |
0 |
|u https://ebookcentral.proquest.com/lib/matrademy/detail.action?docID=3417268
|z Click to View
|